Neo Leo : The Agelss ideas of Leonardo da Vinci / (Record no. 3835)
[ view plain ]
| 000 -LEADER | |
|---|---|
| fixed length control field | 00979nam a22002657a 4500 |
| 001 - CONTROL NUMBER | |
| control field | 3835 |
| 003 - CONTROL NUMBER IDENTIFIER | |
| control field | FISKH |
| 005 - DATE AND TIME OF LATEST TRANSACTION | |
| control field | 20240822092002.0 |
| 008 - FIXED-LENGTH DATA ELEMENTS--GENERAL INFORMATION | |
| fixed length control field | 240515b cb ||||| |||| 00| 0 eng d |
| 020 ## - INTERNATIONAL STANDARD BOOK NUMBER | |
| International Standard Book Number | 9780545622400 |
| 040 ## - CATALOGING SOURCE | |
| Original cataloging agency | FISKH |
| Language of cataloging | eng |
| Transcribing agency | FISKH |
| Modifying agency | FISKH |
| 050 ## - LIBRARY OF CONGRESS CALL NUMBER | |
| Classification number | T40.L46 |
| 082 ## - DEWEY DECIMAL CLASSIFICATION NUMBER | |
| Classification number | 609.2 |
| 100 ## - MAIN ENTRY--PERSONAL NAME | |
| Personal name | Barretta , Gene |
| 245 ## - TITLE STATEMENT | |
| Title | Neo Leo : The Agelss ideas of Leonardo da Vinci / |
| Statement of responsibility, etc. | by Gene Barretta |
| 260 ## - PUBLICATION, DISTRIBUTION, ETC. | |
| Place of publication, distribution, etc. | New York : |
| Name of publisher, distributor, etc. | Sholastic ; |
| Date of publication, distribution, etc. | 2009 |
| 300 ## - PHYSICAL DESCRIPTION | |
| Extent | 38 unnumbered pages : |
| Other physical details | color illustrations ; |
| Dimensions | 24 cm . |
| 505 ## - FORMATTED CONTENTS NOTE | |
| Formatted contents note | Z <br/> |
| 520 ## - SUMMARY, ETC. | |
| Summary, etc. | Cleverly shows how Leonardo's ideas foreshadowed modern inventions. At once an artist, inventor, engineer, and scientist, Leonardo da Vinci wrote and drew detailed descriptions of what would later become hang gliders, automobiles, robots, and much more. |
| 521 8# - TARGET AUDIENCE NOTE | |
| Target audience note | 930 <br/> |
| Source | Lexile AD <br/> |
| 521 8# - TARGET AUDIENCE NOTE | |
| Target audience note | Z <br/> |
| Source | Raz-Plus <br/> |
| 650 ## - SUBJECT ADDED ENTRY--TOPICAL TERM | |
| Topical term or geographic name entry element | invention |
| Form subdivision | non-fiction |
| 942 ## - ADDED ENTRY ELEMENTS (KOHA) | |
| Source of classification or shelving scheme | Dewey Decimal Classification |
| Koha item type | Books |
| Suppress in OPAC | No |
| Withdrawn status | Lost status | Source of classification or shelving scheme | Damaged status | Not for loan | Collection | Home library | Current library | Shelving location | Date acquired | Total Checkouts | Full call number | Barcode | Date last seen | Copy number | Price effective from | Koha item type | Date last checked out |
|---|---|---|---|---|---|---|---|---|---|---|---|---|---|---|---|---|---|
| Dewey Decimal Classification | Non-Fiction | Footprints International School Library Network Toul Kork Campus | Footprints International School Library Network Toul Kork Campus | 05/15/2024 | 1 | BAR 609.2 T40.L46 | FIS01675 | 09/18/2024 | 2 | 05/15/2024 | Books | 09/04/2024 | |||||
| Dewey Decimal Classification | Non-Fiction | Footprints International School Library Network Toul Tom Poung Campus | Footprints International School Library Network Toul Tom Poung Campus | TTP Secondary Non-Fiction Bookshelves | 05/15/2024 | BAR 609.2 T40.L46 | FISTK04919 | 05/15/2024 | 1 | 05/15/2024 | Books | ||||||
| Dewey Decimal Classification | Non-Fiction | Footprints International School Library Network Toul Tom Poung Campus | Footprints International School Library Network Toul Tom Poung Campus | TTP Secondary Non-Fiction Bookshelves | 07/18/2025 | BAR 609.2 T40.L46 | FISSE01146 | 07/18/2025 | 3 | 07/18/2025 | Books |
